Basic tennis illustrated

Bibliographic Details
Main Author: Cutler, Merritt
Format: Book
Published: New York : Dower Publication , 1967
Subjects:

MARC

LEADER 00000cam a2200000 7i4500
001 0000002988
005 20030122.0
040 |a INS 
090 0 0 |a GV995   |b C9891 1967 
100 1 |a Cutler, Merritt 
245 1 0 |a Basic tennis illustrated   |c Merritt Cutler 
260 |a New York :   |b Dower Publication ,   |c 1967 
300 |a 111p. :   |b illus ;   |c 28 cm. 
650 0 0 |a Game theory 
650 0 0 |a Sports 
999 |a 0000001625   |b BOOK   |c Open Shelf   |e Default branch